000 00460nam a2200133Ia 4500
008 260210s9999 xx 000 0 und d
024 _a08B-030-TE, 08B-002-TE & 08B-006-TE
082 _a006.454072 AFR
100 _aRahim Khan Afridi, Muhammad Zohaib Tariq Qureshi & Maaz Ali Khan
245 0 _aVoice Recognition Using MATLAB
260 _aKarachi:
_bUITU,
_c2008
600 _aTelecommunication Engineering
650 _aBachelor of Engineering (BE)
999 _c33592
_d33592